000 00451nam a2200145 i 4500
001 bg
245 0 _aKatalog Nakładów Rzeczowych nr 5-05 /
_cMinisterstwo Łączności ; [Biuro Studiów i Projektów Łączności w Warszawie].
254 _aKNR5-05
260 _aWarszawa :
_bWydawnictwa Akcydensowe,
_c1987.
650 9 _aTelekomunikacja
_xurządzenia
040 _cBPK
041 _apl
942 _cKA
008 s pl f |000 0 pol
999 _c10107
_d10107
856 _uhttp://koha.tu.koszalin.pl/cgi-bin/koha/opac-detail.pl?biblionumber=10107
_yKatalog online BPK